01361pam a2200313 a 4500001001000000003000400010005001700014008004100031020004500072020004200117040003000159082001900189100004100208245005100249250003000300260007400330300003600404500002400440500005000464504003100514650002600545653003400571655002100605942002300626999001700649952011700666952013200783952013200915014686705OSt20140112102927.0080731t2009 xxua frb 001 0 eng d a9780135062227 (International ed. : pbk.) a0135062225 (International ed. : pbk.) aStDuBDSbengcStDuBDSdUk04a006.7222bBUR1 aBurg, Jenniferq(Jennifer J.)93452514aThe science of digital media /cJennifer Burg. aPearson international ed. aUpper Saddle River, United States :bPearson Education Hall,cc.2009. axxiii, 483 p. :bill. ;c24 cm. aIndex : p. 470-483. aOriginally published: Harlow : Prentice Hall. 6Bibliography : p. 468-469. 0aDigital media.934501 bCScDecember2013cJanuary2014 vtext book933728 2ddccBBk006.7 BUR c17778d17750 00102ddc40708BaccahaMAINbMAINcLOWd2013-12-03epurchasel0o006.7 BURp000029663r2025-07-15 00:00:00yNB 00102ddc40708BaccahaMAINbMAINcLOWd2014-01-12epurchasel1m1o006.7 BURp000035317r2025-07-15 00:00:00s2019-10-10yBB 00102ddc40708BaccahaMAINbMAINcLOWd2014-01-12epurchasel1m4o006.7 BURp000035318r2025-07-15 00:00:00s2017-09-26yBB